Statistics for Most Visited Cities in Africa

Click here to take the quiz!

General Stats

  • This quiz has been taken 113 times
  • The average score is 9 of 13

Answer Stats

Visitors (2014)City% Correct
1.3 millionCairo
98%
1.6 millionCape Town
98%
4.2 millionJohannesburg
93%
989kCasablanca
91%
1.3 millionLagos
91%
427kTunis
85%
619kNairobi
82%
619kDakar
65%
842kAccra
62%
890kDurban
59%
254kMaputo
38%
20kBeira
3%
576kEntebbe
3%

Score Distribution

Percentile by Number Answered

Percent of People with Each Score

Your Score History

You have not taken this quiz